[Event "Reykjavik op"]
[Site "Reykjavik"]
[Date "2024.03.21"]
[Round "9"]
[White "Bokobza, Pierre"]
[Black "B Berglindardottir, Emilia Embla"]
[Result "0-1"]
[WhiteElo "1431"]
[BlackElo "1519"]
[PlyCount "82"]
[EventDate "2024.03.15"]
[EventType "swiss"]
[EventRounds "9"]
[EventCountry "ISL"]
[SourceTitle "CB13_2024"]
[SourceDate "2024.03.27"]
[SourceVersion "1"]
[SourceVersionDate "2024.03.27"]
[SourceQuality "1"]

1. e4 d6 2. d4 Nf6 3. Nc3 g6 4. Bg5 Bg7 5. e5 dxe5 6. dxe5 Qxd1+ 7. Rxd1 Ng4 8. h3 Nxe5 9. Nd5 0-0 10. Nxc7 Nbc6 11. Nxa8 Nb4 12. Bd3 Nexd3+ 13. cxd3 Bf5 14. Ke2 Rxa8 15. Nf3 h6 16. Be3 Rc8 17. Rd2 Nxa2 18. Rhd1 Nc1+ 19. Ke1 b6 20. d4 Nb3 21. Re2 Bc2 22. g4 Bxd1 23. Kxd1 Rd8 24. Rc2 Nxd4 25. Nxd4 Bxd4 26. Bxd4 Rxd4+ 27. Ke1 Rd7 28. Ke2 h5 29. Kf3 hxg4+ 30. Kxg4 f5+ 31. Kg5 Kf7 32. f4 Rd3 33. Kh4 Rf3 34. Rc7 Rxf4+ 35. Kg3 Ra4 36. b3 Ra3 37. Kh4 Rxb3 38. Rxa7 Kf6 39. Ra3 g5+ 40. Kh5 Rxa3 41. Kh6 Rxh3# 0-1

[Event "Reykjavik op"]
[Site "Reykjavik"]
[Date "2023.04.04"]
[Round "9"]
[White "Spagnoli, Benjamin"]
[Black "B Berglindardottir, Emilia Embla"]
[Result "1-0"]
[WhiteElo "1744"]
[BlackElo "1112"]
[PlyCount "41"]
[EventDate "2023.03.29"]
[EventType "swiss"]
[EventRounds "9"]
[EventCountry "ISL"]
[SourceTitle "EXT 2024"]
[Source "ChessBase"]
[SourceDate "2023.10.10"]
[SourceVersion "1"]
[SourceVersionDate "2023.10.10"]
[SourceQuality "1"]

1. d4 d6 2. Nc3 g6 3. Bf4 Bg7 4. e4 Nf6 5. Qd2 0-0 6. 0-0-0 Nbd7 7. Nf3 b6 8. h4 Bb7 9. Bd3 h5 10. Bh6 Bxh6 11. Qxh6 Ng4 12. Qd2 Kg7 13. Ng5 e6 14. f3 Ngf6 15. g4 Nh7 16. Nxh7 Kxh7 17. gxh5 gxh5 18. e5+ f5 19. exf6+ Kg8 20. Qg5+ Kf7 21. Qg6# 1-0

[Event "Reykjavik op"]
[Site "Reykjavik"]
[Date "2023.04.01"]
[Round "6"]
[White "B Berglindardottir, Emilia Embla"]
[Black "Karlsson, Sighvatur"]
[Result "1-0"]
[WhiteElo "1112"]
[BlackElo "1270"]
[PlyCount "73"]
[EventDate "2023.03.29"]
[EventType "swiss"]
[EventRounds "9"]
[EventCountry "ISL"]
[SourceTitle "CBM 213 Extra"]
[Source "ChessBase"]
[SourceDate "2023.05.31"]
[SourceVersion "1"]
[SourceVersionDate "2023.05.31"]
[SourceQuality "1"]

1. d4 g6 2. Bf4 Bg7 3. e3 Nf6 4. Nf3 e6 5. Bd3 d5 6. 0-0 Nc6 7. c4 b6 8. Qc2 Bb7 9. cxd5 Nb4 10. Qa4+ Qd7 11. Qxb4 Nxd5 12. Qb3 0-0 13. Bg3 Nf6 14. Nbd2 Nh5 15. Bh4 Bf6 16. Bxf6 Nxf6 17. Qc2 Rac8 18. Be4 c5 19. Bxb7 Qxb7 20. Qd3 Rfd8 21. Rac1 Qe7 22. Qa6 Rc7 23. dxc5 bxc5 24. Nb3 Rd6 25. Qe2 e5 26. Rxc5 Rcd7 27. Nxe5 Rc7 28. Rxc7 Qxc7 29. Rc1 Qd8 30. g3 Qe8 31. Ng4 Kg7 32. Nxf6 Rxf6 33. Qc4 Qe5 34. Qd4 Qf5 35. f4 Kh6 36. Qe5 Qd3 37. Qxf6 1-0

[Event "Reykjavik op"]
[Site "Reykjavik"]
[Date "2023.03.31"]
[Round "4"]
[White "B Berglindardottir, Emilia Embla"]
[Black "Kaergaard, Sissel"]
[Result "0-1"]
[WhiteElo "1112"]
[BlackElo "1665"]
[PlyCount "56"]
[EventDate "2023.03.29"]
[EventType "swiss"]
[EventRounds "9"]
[EventCountry "ISL"]
[SourceTitle "CBM 213 Extra"]
[Source "ChessBase"]
[SourceDate "2023.05.31"]
[SourceVersion "1"]
[SourceVersionDate "2023.05.31"]
[SourceQuality "1"]

1. d4 d5 2. Bf4 Nf6 3. e3 e6 4. Nf3 Be7 5. Bd3 Nbd7 6. 0-0 0-0 7. c4 c6 8. Qc2 b6 9. Bg5 Bb7 10. Ne5 h6 11. Nxd7 Qxd7 12. Bxf6 Bxf6 13. cxd5 cxd5 14. Nc3 Rac8 15. Qb1 a6 16. b3 Rxc3 17. Bc2 Rfc8 18. Rc1 Qc6 19. Bh7+ Kh8 20. Rxc3 Qxc3 21. Bd3 e5 22. dxe5 Bxe5 23. Bf5 Rc7 24. g3 Qxa1 25. Qxa1 Bxa1 26. h3 Rc1+ 27. Kh2 d4 28. exd4 Rh1# 0-1